MARC details
| 000 -CABECERA |
| campo de control de longitud fija |
02924nam a2200325 4500 |
| 003 - IDENTIFICADOR DEL NÚMERO DE CONTROL |
| campo de control |
EC-UNACH |
| 005 - FECHA Y HORA DE LA ÚLTIMA TRANSACCIÓN |
| campo de control |
20251031101352.0 |
| 006 - CÓDIGOS DE INFORMACIÓN DE LONGITUD FIJA--CARACTERÍSTICAS DEL MATERIAL ADICIONAL |
| campo de control de longitud fija |
s||||gr|||| 00| 00 |
| 008 - DATOS DE LONGITUD FIJA--INFORMACIÓN GENERAL |
| campo de control de longitud fija |
150116t9999 mx r gr 000 0 spa d |
| 020 ## - NÚMERO INTERNACIONAL ESTÁNDAR DEL LIBRO |
| Número Internacional Estándar del Libro |
978-9942-07-169-9 |
| 040 ## - FUENTE DE LA CATALOGACIÓN |
| Centro catalogador/agencia de origen |
EC-UNACH |
| Centro/agencia transcriptor |
EC-UNACH |
| 041 ## - CÓDIGO DE LENGUA |
| Código de lengua del texto/banda sonora o título independiente |
spa |
| 082 04 - NÚMERO DE LA CLASIFICACIÓN DECIMAL DEWEY |
| Número de edición |
23 |
| Número de clasificación |
340 MON |
| Número de documento/Ítem |
L017884 |
| 110 ## - ENTRADA PRINCIPAL--NOMBRE DE ENTIDAD CORPORATIVA |
| Nombre de entidad corporativa o nombre de jurisdicción como elemento de entrada |
Corte Constitucional para el Partido de Transición |
| 245 ## - MENCIÓN DE TÍTULO |
| Título |
Apuntes de derecho procesal constitucional : Cuadernos de trabajo |
| 250 ## - MENCIÓN DE EDICIÓN |
| Mención de edición |
Primera edición |
| 264 ## - Producción, publicación, distribución, fabricación y copyright |
| Lugar de producción, publicación, distribución, fabricación |
Quito – Ecuador |
| Nombre del de productor, editor, distribuidor, fabricante |
Centro de Estudios y Difusión del Derecho Constitucional, |
| Fecha de de producción, publicación, distribución, fabricación o copyright |
2013 |
| 300 ## - DESCRIPCIÓN FÍSICA |
| Extensión |
259 páginas : 21 cm Incluye CD-ROM |
| Otras características físicas |
Texto |
| 505 ## - NOTA DE CONTENIDO CON FORMATO |
| Nota de contenido con formato |
TOMO 1. CAPÍTULO1. Parte general: introducción al derecho procesal constitucional. -- Algunas consideraciones acerca del nuevo modelo constitucional ecuatoriano. -- Justicia constitucional: evolución histórica. -- El sistema de fuentes del derecho en el nuevo constitucionalismo latinoamericano. -- CAPÍTULO2. Interpretación constitucional, argumentación jurídica y jurisprudencia vinculante. -- La hermenéutica constitucional: los ribetes del problema principal de la teoría jurídica contemporánea. -- Sobre la dimensión argumentativa del derecho. -- Jurisprudencia vinculante y precedente constitucional. -- <br/><br/>TOMO 2. Parte especial 1 Garantías constitucionales en Ecuador. -- Apuntes sobre teoría general de las garantías constitucionales. -- La prueba en los procesos constitucionales: aproximaciones a los principales retos en el caso ecuatoriano. -- Reparación integral en la justicia constitucional. -- Las medidas cautelares en la nueva Constitución del Ecuador. -- Aproximación a los elementos básicos de la acción de protección. -- La acción extraordinaria de protección: naturaleza, competencia y procedimiento. -- El hábeas corpus en un Estado constitucional de derechos y justicia. -- El hábeas data en Ecuador. -- La acción de acceso a la información pública. -- La acción por incumplimiento: garantía de la seguridad jurídica. -- Cumplimiento de sentencias y dictámenes constitucionales. -- <br/><br/>TOMO 3. Parte especial 2 Control Constitucional y otras competencias de la Corte Constitucional. -- La Interpretación Constitucional, variaciones de un Tema Inconcluso. -- Aproximación al Control Abstracto en el Ecuador. -- La Acción de Inconstitucionalidad. -- El Estado de Excepción en el Ecuador. -- Control Concreto de Constitucionalidad en el Ordenamiento Jurídico Ecuatoriano. -- La Consulta de Constitucionalidad. -- Sentencias Constitucionales: Tipos y Efectos.<br/> |
| 650 ## - PUNTO DE ACCESO ADICIONAL DE MATERIA--TÉRMINO DE MATERIA |
| Término de materia o nombre geográfico como elemento inicial |
CONSTITUCIÓN |
| 650 ## - PUNTO DE ACCESO ADICIONAL DE MATERIA--TÉRMINO DE MATERIA |
| Término de materia o nombre geográfico como elemento inicial |
INTERPRETACIÓN JUDICIAL |
| 650 ## - PUNTO DE ACCESO ADICIONAL DE MATERIA--TÉRMINO DE MATERIA |
| Término de materia o nombre geográfico como elemento inicial |
SENTENCIAS |
| 700 ## - PUNTO DE ACCESO ADICIONAL--NOMBRE DE PERSONA |
| Nombre de persona |
Montaña Pinto, Juan |
| 942 ## - ELEMENTOS DE PUNTO DE ACCESO ADICIONAL (KOHA) |
| Fuente del sistema de clasificación o colocación |
Clasificación Decimal Dewey |
| Tipo de ítem Koha |
Libros |
| 999 ## - NÚMEROS DE CONTROL DE SISTEMA (KOHA) |
| Koha biblionumber |
14128 |